[Event "Naumburg Osteropen 9th"]
[Site "Naumburg Saale"]
[Date "2014.04.20"]
[Round "4.20"]
[White "Lang, Thomas1111"]
[Black "Seidel, Dieter"]
[Result "0-1"]
[WhiteElo "1265"]
[BlackElo "1909"]
[PlyCount "44"]
[EventDate "2014.04.19"]
[EventType "swiss"]
[EventRounds "5"]
[EventCountry "GER"]
[SourceTitle "EXT 2020"]
[Source "ChessBase"]
[SourceDate "2019.10.17"]
[SourceVersion "1"]
[SourceVersionDate "2019.10.17"]
[SourceQuality "1"]

1. d4 Nf6 2. c4 e6 3. Nc3 Bb4 4. Bg5 h6 5. Bh4 0-0 6. e3 c5 7. Qc2 b6 8. 0-0-0 Bb7 9. Nf3 Qe7 10. Bd3 d6 11. e4 cxd4 12. Nxd4 Nbd7 13. f3 Ne5 14. Be1 Rac8 15. b3 d5 16. Kb1 dxc4 17. bxc4 Nxc4 18. Bxc4 Rxc4 19. Qb3 Rfc8 20. Rc1 Qc5 21. Nde2 Ba3 22. Rc2 Rb4 0-1

[Event "Regionalliga NW 0607"]
[Site "Bayern"]
[Date "2007.02.25"]
[Round "6.8"]
[White "Stumpf, Hilmar"]
[Black "Seidel, Dieter"]
[Result "1/2-1/2"]
[WhiteElo "1895"]
[BlackElo "1840"]
[PlyCount "63"]
[EventDate "2006.10.15"]
[EventType "team-tourn"]
[EventRounds "9"]
[EventCountry "GER"]
[SourceTitle "EXT 2008"]
[Source "ChessBase"]
[SourceDate "2007.11.25"]
[SourceVersion "1"]
[SourceVersionDate "2007.11.25"]
[SourceQuality "1"]
[WhiteTeam "Nordhalben"]
[BlackTeam "Kronach"]
[WhiteTeamCountry "GER"]
[BlackTeamCountry "GER"]

1. d4 Nf6 2. e3 g6 3. c4 Bg7 4. Nc3 d6 5. Nf3 Nbd7 6. Be2 e5 7. 0-0 0-0 8. d5 a5 9. e4 Nc5 10. Qc2 Ne8 11. Be3 b6 12. Ne1 f5 13. Bxc5 bxc5 14. exf5 Bxf5 15. Bd3 Qd7 16. Ne4 Bxe4 17. Bxe4 Nf6 18. Bf3 Qf5 19. Qd1 e4 20. Be2 Qe5 21. Qc1 Nd7 22. Rb1 Qf4 23. Nc2 Qxc1 24. Rfxc1 Rfb8 25. b3 a4 26. bxa4 Rxb1 27. Rxb1 Rxa4 28. Bg4 Nb6 29. Be6+ Kf8 30. Ne3 Rxa2 31. g3 Ra1 32. Rxa1 1/2-1/2

[Event "Regionalliga NW 9900"]
[Site "Bayern"]
[Date "2000.??.??"]
[Round "8.8"]
[White "Wengerter, Bernd"]
[Black "Seidel, Dieter"]
[Result "0-1"]
[WhiteElo "1820"]
[BlackElo "1897"]
[PlyCount "64"]
[EventDate "1999.??.??"]
[EventType "team-tourn"]
[EventRounds "9"]
[EventCountry "GER"]
[SourceTitle "EXT 2020"]
[Source "ChessBase"]
[SourceDate "2019.10.17"]
[SourceVersion "1"]
[SourceVersionDate "2019.10.17"]
[SourceQuality "1"]
[WhiteTeam "Klingenberg"]
[BlackTeam "Kronach"]
[WhiteTeamCountry "GER"]
[BlackTeamCountry "GER"]

1. d4 Nf6 2. c4 g6 3. Nc3 Bg7 4. e4 d6 5. f4 0-0 6. Nf3 c5 7. d5 e6 8. Be2 exd5 9. e5 Ne4 10. Nxd5 Nc6 11. Bd3 f5 12. exf6 Nxf6 13. 0-0 Nxd5 14. cxd5 Nd4 15. Ng5 Qf6 16. Nxh7 Kxh7 17. Qh5+ Bh6 18. g4 Bf5 19. Bxf5 Nxf5 20. Qh3 Qd4+ 21. Rf2 Rae8 22. gxf5 Re1+ 23. Kg2 gxf5 24. Qf3 Rg8+ 25. Kh3 Qf6 26. Rg2 Rg1 27. Rxg8 Kxg8 28. Qh5 Qg7 29. Qxf5 Qg2+ 30. Kh4 Qxh2+ 31. Qh3 Qxh3+ 32. Kxh3 Bxf4 0-1

[Event "Regionalliga NW 9596"]
[Site "Bayern"]
[Date "1996.??.??"]
[Round "?"]
[White "Michel, Peter"]
[Black "Seidel, Dieter"]
[Result "1/2-1/2"]
[WhiteElo "1850"]
[BlackElo "1905"]
[PlyCount "60"]
[EventDate "1995.10.??"]
[EventType "team-tourn"]
[EventRounds "9"]
[EventCountry "GER"]
[SourceTitle "EXT 1999"]
[Source "ChessBase"]
[SourceDate "1998.11.16"]
[SourceVersion "1"]
[SourceVersionDate "1998.11.16"]
[SourceQuality "1"]
[WhiteTeam "GrBayr"]
[BlackTeam "Kronach"]
[WhiteTeamCountry "GER"]
[BlackTeamCountry "GER"]

1. d4 d5 2. Nf3 Bf5 3. c4 e6 4. Nc3 Nf6 5. Bg5 Be7 6. e3 h6 7. Bh4 c6 8. Bd3 Ne4 9. Bxe7 Qxe7 10. Qc2 Nd7 11. Bxe4 Bxe4 12. Nxe4 dxe4 13. Qxe4 Qb4+ 14. Nd2 Qxb2 15. Rb1 Qc3 16. Rxb7 Qc1+ 17. Ke2 Qxh1 18. Qxc6 0-0 19. Qxd7 Qxg2 20. Nf3 Rab8 21. c5 Qg6 22. Ne5 Qc2+ 23. Kf1 Rxb7 24. Qxb7 f6 25. Nd7 Qd1+ 26. Kg2 Qg4+ 27. Kh1 Qd1+ 28. Kg2 Qg4+ 29. Kh1 Qd1+ 30. Kg2 Qg4+ 1/2-1/2

[Event "Regionalliga NW 9596"]
[Site "Bayern"]
[Date "1995.??.??"]
[Round "?"]
[White "Seidel, Dieter"]
[Black "Herrmann, Karl Heinz"]
[Result "1/2-1/2"]
[WhiteElo "1905"]
[BlackElo "1860"]
[PlyCount "62"]
[EventDate "1995.10.??"]
[EventType "team-tourn"]
[EventRounds "9"]
[EventCountry "GER"]
[SourceTitle "EXT 1999"]
[Source "ChessBase"]
[SourceDate "1998.11.16"]
[SourceVersion "1"]
[SourceVersionDate "1998.11.16"]
[SourceQuality "1"]
[WhiteTeam "Kronach"]
[BlackTeam "Sand"]
[WhiteTeamCountry "GER"]
[BlackTeamCountry "GER"]

1. d4 e6 2. c4 d5 3. Nc3 Nf6 4. Bg5 Be7 5. Nf3 h6 6. Bxf6 Bxf6 7. e3 0-0 8. Qb3 dxc4 9. Bxc4 a6 10. 0-0 b5 11. Be2 Qe7 12. Ne4 Bb7 13. Nc5 Bd5 14. Qc2 Bxf3 15. Bxf3 Ra7 16. Rfc1 e5 17. d5 Qd8 18. a4 b4 19. a5 Be7 20. Qe4 Bd6 21. Qc4 Qc8 22. Ne4 Qd7 23. Nxd6 Qxd6 24. Qc5 Rb7 25. Qxd6 cxd6 26. Rc4 f5 27. e4 fxe4 28. Bxe4 Nd7 29. Ra4 Rfb8 30. Ra1 Nc5 31. f3 Nb3 1/2-1/2